00503nam a2200181 a 4500001001300000003000900013005001700022008004100039020000900080082001500089100001400104245006700118260005800185300000900243500003500252505001000287650002400297nice12345678IN_TiNIC20260116015109.0050524s2000 dela grp 000 0 eng  ac7000a268.6bJOH aJohn, C J aVision to Missionb Fifteen Pioneer Indian Christian Educators aDelhibAll India Assot. for Christian Higher Edc2000 a144p aincludes index and biblioraphy2 aIndex aChristian-Education